Statistics for former countries by flag

Click here to take the quiz!

General Stats

  • This quiz has been taken 68 times
  • The average score is 8 of 13

Answer Stats

Answer% Correct
Soviet Union
97%
East Germany
89%
Czechoslovakia
87%
Wales
85%
Hong Kong
79%
ottoman empire
79%
Hawaii
64%
Catalonia
61%
Palestine
61%
south Vietnam
54%
Zanzibar
43%
Sikkim
15%
Abbasid Caliphate
2%

Score Distribution

Percentile by Number Answered

Percent of People with Each Score

Your Score History

You have not taken this quiz